| 000 -LEADER |
| fixed length control field |
01116nam a2200265Ia 4500 |
| 001 - CONTROL NUMBER |
| control field |
17709 |
| 003 - CONTROL NUMBER IDENTIFIER |
| control field |
GE_BSU |
| 008 - FIXED-LENGTH DATA ELEMENTS--GENERAL INFORMATION |
| fixed length control field |
181216s||||||||xx |||||||||||||| ||und|| |
| 020 ## - INTERNATIONAL STANDARD BOOK NUMBER |
| International Standard Book Number |
9785937281487 |
| 040 ## - CATALOGING SOURCE |
| Transcribing agency |
GE_BSU |
| 080 ## - UNIVERSAL DECIMAL CLASSIFICATION NUMBER |
| Universal Decimal Classification number |
63(075)+620.3 |
| 100 ## - MAIN ENTRY--PERSONAL NAME |
| Personal name |
კორახაშვილი, ა. (ავთანდილ) |
| 245 ## - TITLE STATEMENT |
| Title |
აგრარული ნანოტექნოლოგიები |
| 245 ## - TITLE STATEMENT |
| Remainder of title |
სახელმძღვ. |
| 245 ## - TITLE STATEMENT |
| Statement of responsibility, etc. |
თამაზ სამხარაძისა და გივი ბასილაძის რედაქციით |
| 260 ## - PUBLICATION, DISTRIBUTION, ETC. |
| Place of publication, distribution, etc. |
მოსკოვი |
| 260 ## - PUBLICATION, DISTRIBUTION, ETC. |
| Name of publisher, distributor, etc. |
ნაუჩტექლიტიზდატი |
| 260 ## - PUBLICATION, DISTRIBUTION, ETC. |
| Date of publication, distribution, etc. |
2015 |
| 300 ## - PHYSICAL DESCRIPTION |
| Extent |
172 გვ. ; 25 სმ |
| 300 ## - PHYSICAL DESCRIPTION |
| Accompanying material |
ბიბლიოგრ.: გვ. 167-169 |
| 653 ## - INDEX TERM--UNCONTROLLED |
| Uncontrolled term |
აგრარული ნანოტექნოლოგიები |
| 653 ## - INDEX TERM--UNCONTROLLED |
| Uncontrolled term |
ნანოტექნოლოგიების გამოყენება აგრონომიაში |
| 653 ## - INDEX TERM--UNCONTROLLED |
| Uncontrolled term |
სოფლის მეურნეობა |
| 942 ## - ADDED ENTRY ELEMENTS (KOHA) |
| Koha item type |
წიგნი |